000 00686nam a2200265 i 4500
001 C2-0028117
003 PPAK
005 20190630222013.0
008 970205s1993 my a|||| ||||| | eng d
020 _a0333566807
040 _aPPAK
_beng
_cPPAK
_erda
082 0 4 _a426.6
_223
090 0 0 _a426.6
_bBOU
_dK
100 1 _aBoulter, Ian,
_eauthor
245 1 4 _aThe emerald kris and crocodile beach
264 1 _aKuala Lumpur :
_bUtusan ,
_c1993
300 _a85 pages :
_billustrations ;
_c22 cm
336 _2rdacontent
_atext
337 _2rdamedia
_aunmediated
338 _2rdacarrier
_avolume
650 1 0 _aReaders
700 _eauthor
700 _eauthor
942 _ddc
_cB
999 _c5133
_d5133